000
00210nam a2200097Ia 4500
008
240331s9999 xx 000 0 und d
082
_b
SAL
100
_a
Salma
245
0
_a
Irandaam jaamangalin kathai
942
_c
L
999
_c
5418
_d
5418